书目信息 |
| 题名: |
外贸单证实务
|
|
| 作者: | 戴宾 , 陈有真 编 | |
| 分册: | ||
| 出版信息: | 成都 西南交通大学出版社 2002.08 |
|
| 页数: | 309页 | |
| 开本: | 20cm | |
| 丛书名: | ||
| 单 册: | ||
| 中图分类: | F740.44 | |
| 科图分类: | ||
| 主题词: | 国际贸易--guo ji mao yi--票据--基本知识 | |
| 电子资源: | ||
| ISBN: | 7-81057-519-8 | |
| 000 | 00930nam0 2200265 450 | |
| 001 | 012007960006 | |
| 005 | 20071229103337.45 | |
| 010 | @a7-81057-519-8@dCNY15.00 | |
| 100 | @a20071229d2002 km y0chiy0120 ea | |
| 101 | 0 | @achi |
| 102 | @aCN@b510000 | |
| 105 | @aa z 000yy | |
| 106 | @ar | |
| 200 | 1 | @a外贸单证实务@Awai mao dan zheng shi wu@d= Documents for foreign trade@f戴宾, 陈有真编@Fdai bin,chen you zhen bian@zeng |
| 205 | @a第2版 | |
| 210 | @a成都@c西南交通大学出版社@d2002.08 | |
| 215 | @a309页@c图@d20cm | |
| 330 | @a本书包括:第一章:总论、第二章:国际货物买卖合同、第三章:信用证、第四章:票据、第五章:发票、第六章:运输单据等内容。 | |
| 510 | 1 | @aDocuments for foreign trade@zeng |
| 606 | 0 | @a国际贸易@Aguo ji mao yi@x票据@x基本知识 |
| 690 | @aF740.44@v4 | |
| 701 | 0 | @a戴宾@Adai bin@4编 |
| 701 | 0 | @a陈有真@Achen you zhen@4编 |
| 801 | 0 | @aCN@bQSSK@c20071229 |
| 905 | @b274810-12@dF740.44@eD105@f3 | |
| 外贸单证实务= Documents for foreign trade/戴宾, 陈有真编.-第2版.-成都:西南交通大学出版社,2002.08 |
| 309页:图;20cm |
| ISBN 7-81057-519-8:CNY15.00 |
| 本书包括:第一章:总论、第二章:国际货物买卖合同、第三章:信用证、第四章:票据、第五章:发票、第六章:运输单据等内容。 |
| ● |
| 相关链接 |
|
|
|
正题名:外贸单证实务
索取号:F740.44/D105
 
预约/预借
| 序号 | 登录号 | 条形码 | 馆藏地/架位号 | 状态 | 备注 |
| 1 | 274810 | 202748107 | 社科库409/409社科库 48排3列3层/ [索取号:F740.44/D105] | 在馆 | |
| 2 | 274811 | 202748116 | 社科库409/409社科库 48排3列3层/ [索取号:F740.44/D105] | 在馆 | |
| 3 | 274812 | 202748125 | 管理学院资料室/ [索取号:F740.44/D105] | 在馆 |